000 00800nam a2200265Ia 4500
003 OSt
005 20220923220045.0
006 a|||||r|||| 00| 0
007 ta
008 220922b |||||||| |||| 00| 0 hin d
020 _c4
024 _a183,880
037 _cTextual
040 _aARTS
_cARTS
_bhin
041 _2hin
_ahin
082 _aO152,1N246x, K4
100 _aगुप्त, जगदीश
_9156290
245 0 _aहिम बिद्ध
246 _aHim biddha
260 _aनई दिल्ली
_b भारतीय ज्ञानपीठ
_c1964
300 _a96 पृ.
_ccm.
650 _aहिन्दी साहित्य
_9156264
942 _hO152,1N246x, K4
_cTEXL
_2CC
999 _c337195
_d337195